| 000 | 01484nam a22003614a 4500 | ||
|---|---|---|---|
| 001 | ebr10315355 | ||
| 003 | CaPaEBR | ||
| 006 | m u | ||
| 007 | cr cn||||||||| | ||
| 008 | 051011s2006 caua sb 001 0ceng | ||
| 010 | _z 2005055861 | ||
| 020 | _z1576753581 (pbk.) | ||
| 020 | _z9781576753583 (pbk.) | ||
| 040 |
_aCaPaEBR _cCaPaEBR |
||
| 035 | _a(OCoLC)243598261 | ||
| 050 | 1 | 4 |
_aHD60 _b.C55 2006eb |
| 082 | 0 | 4 |
_a658.4/08 _222 |
| 100 | 1 |
_aCohen, Ben _q(Ben R.) |
|
| 245 | 1 | 0 |
_aValues-driven business _h[electronic resource] : _bhow to change the world, make money, and have fun / _cBen Cohen, Mal Warwick. |
| 250 | _a1st ed. | ||
| 260 |
_aSan Francisco, CA : _bBerrett-Koehler Publishers ; _aBerkeley : _bPublishers Group West [distributor], _cc2006. |
||
| 300 |
_axxix, 156 p. : _bill. |
||
| 490 | 1 | _aThe social venture network series | |
| 504 | _aIncludes bibliographical references (p. 143-145) and index. | ||
| 533 |
_aElectronic reproduction. _bPalo Alto, Calif. : _cebrary, _d2013. _nAvailable via World Wide Web. _nAccess may be limited to ebrary affiliated libraries. |
||
| 650 | 0 | _aSocial responsibility of business. | |
| 650 | 0 |
_aIndustrial management _xSocial aspects. |
|
| 655 | 7 |
_aElectronic books. _2local |
|
| 700 | 1 | _aWarwick, Mal. | |
| 710 | 2 | _aebrary, Inc. | |
| 830 | 0 | _aSocial venture network series. | |
| 856 | 4 | 0 |
_uhttp://site.ebrary.com/lib/rucke/Doc?id=10315355 _zAn electronic book accessible through the World Wide Web; click to view |
| 999 |
_c57088 _d57088 |
||